• 首页
  • 本馆介绍
  • 公告通知
  • 最新文献
  • 馆藏检索
  • 电子资源
  • 读者导购
  • 参考咨询
  • 我的图书馆
  • 登录
  • 详细信息显示
  • 放入我的书架
  • 预约/预借图书
  • 作者相关作品
  • 分类相关作品
  • 丛书相关作品
  • 出版社相关作品

书目信息

  • 表格格式
  • 工作单格式
  • 卡片格式
题名:
实用无污染防垢技术
    
 
作者: 窦照明 , 周军 , 任德贵 编著
分册:  
出版信息: 北京   化学工业出版社  1999.04
页数: 136页
开本: 20cm
丛书名:
单 册:
中图分类: TK228
科图分类:
主题词: 水软化--无污染技术
电子资源:
ISBN: 7-5025-2467-3
000 00630nam0 2200217 45
001 0112181441
005 20031219104051.9
010    @a7-5025-2467-3@dCNY10.00
100    @a20011218d1999 km y0chiy0120 ea
101 0  @achi
105    @a z 000yy
200 1  @a实用无污染防垢技术@AShi Yong Wu Wu Ran Fang Gou Ji Shu@f窦照明等编著@FDou Zhao Ming Deng Bian Zhu
210    @a北京@c化学工业出版社@d1999.04
215    @a136页@d20cm
606 0  @a水软化@x无污染技术
690    @aTK228@v4
701    @a窦照明@4编著
701  0 @a周军@4编著
701  0 @a任德贵@4主编
801    @aCN@bTSTC@c20011218
905    @f7@b301690-696@dTK228@e43
    
    实用无污染防垢技术/窦照明等编著.-北京:化学工业出版社,1999.04
    136页;20cm
    
    
    ISBN 7-5025-2467-3:CNY10.00
    
●
相关链接 在E读中查询图书 在五车中查询图书 在当当中查询图书 在豆瓣中查询图书


正题名:实用无污染防垢技术     索取号:TK228/43         预约/预借

序号 登录号 条形码 馆藏地/架位号 状态 备注
1 0301690   203016903   第三借阅区/ [索取号:TK228/43] 在馆    
2 0301691   203016912   第三借阅区/ [索取号:TK228/43] 在馆    
3 0301692   203016921   第三借阅区/ [索取号:TK228/43] 在馆    
4 0301693   203016930   第三借阅区/ [索取号:TK228/43] 在馆    
5 0301694   203016949   第三借阅区/ [索取号:TK228/43] 在馆    
6 0301695   203016958   第三借阅区/ [索取号:TK228/43] 在馆    
7 0301696   203016967   第二样本阅览室/ [索取号:TK228/43] 在馆    
唐山师范学院图书馆 欢迎您!
大连网信软件有限公司© 版权所有